"Keeping Up Appearances" Quiz - Statistics

General Stats
  • This quiz has been taken 30 times
  • The average score is 14 of 17
Answer Stats
Hint Answer % Correct
...but she insists it's actually pronounced *this* way. Bouquet
100%
Whose surname is... Bucket
100%
The star of the show Hyacinth
100%
Her long-suffering husband Richard
100%
Her youngest sister who is always chasing men (married or single, doesn't matter!) Rose
100%
...who is unemployed and lives on welfare. Onslow
95%
Their son, always asking for money while away at school Sheridan
95%
Her senile, womanising father who is known as this Daddy
90%
She is always asking this neighbour over for coffee, much to her dread... Elizabeth
90%
Her other sister who has a Mercedes, swimming pool, and room for a pony... Violet
90%
Her kind-hearted sister who always craves attention from her husband... Daisy
86%
...and believes her brother, a divorcee theatrist, is secretly in love with her. Emmet
86%
The British religious title of her clergyman, who tries to avoid her at all costs Vicar
76%
...whose husband is, well, quirky. Bruce
71%
She is derisively known as this term by those who loathe her The Bucket Woman
62%
HARD: She's always trying to curry favour with this local town councillor (her surname) Nugent
48%
She often seeks the company of him, whose military rank outweighs his romantic overtures towards her The Major
48%
No matching quizzes found
Score Distribution
Percent of People with Each Score
Percentile by Number Answered
Your Score History
You have not taken this quiz